000
00188 a2200097 4500
001
7108
100
_a
Lamb, A
245
_a
McMahon line
260
_a
_b
Routledge
_c
090
_c
5878
_d
5878
942
_a
NUST-CAE
_c
M
_c
32353
999
_c
242181
_d
242181